000 00310nam a2200121Ia 4500
008 240731s9999 xx 000 0 und d
022 _a2692-496X
245 0 _aJournal of LGBTQ Issues in Counseling
260 _bRoutledge
856 _uhttps://www.tandfonline.com/loi/wlco21
942 _2ddc
942 _cTFEJ
999 _c77894
_d77894
945 _a1
_bMadushi Gamage
_c1
_dMadushi Gamage